000 00571nam a2200181 4500
001 145431
003 ES-MaACL
005 20250728105426.0
007 t|
008 070214s1903 it r ||||1| ita d
100 1 _aSpencer, Herbert,
_d1820-1903
_9107684
245 1 0 _aFatti e commenti /
_cHerbert Spencer ; versione dall'Inglese del dott. Guglielmo Salvadori.
260 _aTorino :
_bFratelli Bocca Edit,
_c1903.
300 _aVIII, 211 p. ;
_c24 cm.
700 1 _aSalvadori, Guglielmo.
_9102104
852 _aES-MaACL
_jB-5564
999 _c145431
_d145431